000 00316nam a2200133Ia 4500
008 240624s9999 xx 000 0 und d
041 _aeng
082 _a954 SIN
100 _aSINGH TAVLEEN
245 _aINDIA S BROKEN TRYST
260 _c2016
_aNew Delhi
_bHarperCollins India
300 _a424 : p.
365 _cRS
999 _c28518
_d28518